| 000 | 00771nam a2200193 a 4500 | ||
|---|---|---|---|
| 005 | 20240919064305.0 | ||
| 008 | 991125c1990 cal 000 0 spa u | ||
| 035 | _aUPN01000010520 | ||
| 049 | _aAV | ||
| 099 | _aPVI Q 0380 | ||
| 245 | 0 | 4 | _aLas comunidades de los animales. |
| 260 |
_aCalifornia (EUA) : _bAIMS MEDIA, _c1990. |
||
| 300 |
_a1 videocasete (VHS) (14 min.) : _bson., col. |
||
| 500 | _aContiene un tríptico anexo en inglés con información sobre el contenido | ||
| 520 | _aContiene información acerca de la interrelación que existeentre los animales y con su entorno, y señala la importancia de conservar el equilibrio de la naturaleza | ||
| 650 | 4 |
_aAnimales _xHábitos y comportamiento _91059 |
|
| 650 | 4 |
_aEcología _95860 |
|
| 905 | _aAudiovisuales | ||
| 999 |
_c10520 _d10520 |
||